| 000 | 00603nam a22002057a 4500 | ||
|---|---|---|---|
| 005 | 20241217101353.0 | ||
| 008 | 241213b ||||| |||| 00| 0 eng d | ||
| 040 | _cAL | ||
| 041 | _aEnglish | ||
| 082 |
_223 _a348.04 _bCHAI |
||
| 100 |
_aJagjit Singh Chawla Ed _9191293 |
||
| 100 |
_aBalvinder Singh Chawla Ed _9191294 |
||
| 245 | _aIndian Civil Cases: Vol 1 1996(1) | ||
| 260 |
_aChandigarh _bICC Publications _c1996 |
||
| 300 |
_a911 p. _bHB _c24x15 cm. |
||
| 365 |
_a1061 _b₹2186.35 _c₹ _d₹2995.00 _e27% _f28-11-2024 |
||
| 440 |
_aVolume 1 _9190876 |
||
| 650 |
_aLaw _9190877 |
||
| 942 |
_2ddc _cBI |
||
| 999 |
_c233010 _d233010 |
||